000 00816nam a22002657a 4500
008 130610b xxu||||| |||| 00| 0 eng d
020 _a1-4051-4838-1
024 _cAvailable
037 _cAvailable
040 _aMBSTU LIBRARY
_dMBSTU LIBRARY
082 _222
_a576.163 BEE
100 _aBell , Chris.
110 _aPaul Nexves and Anthony P Williams.
245 _aFood microbiology and laboratory practice.
260 _aAustralia.
_bBlackwell Publishers.
_c2005
300 _a25 cm.
_bxii,324 page
_f6
_g25 cm.
600 _2Food microbiology.
650 _2Food microbiology.
700 _aBell , Chris.
710 _aPaul Nexves and Anthony P Williams.
270 _aAustralia
_bAustralia
_dAustralia
365 _b1568.00
_d1568.00
942 _2ddc
_cBK
999 _c446
_d446